01173nam a2200229 a 450000100100000000500170001000800410002704000250006808200160009310000330010924500620014226000440020430000200024850000630026850000730033150400300040495201290043495201290056395201140069295201200080699900170092600001711320200929165027.0100317s1979 dr r 000 0 spa d aDO-SdBNPbspacBNPHU axxxxbD542l1 aDíaz D., Belarminio93771210aLatinismos y español dominicano /cBelarminio Díaz D. aSanto Domingo :bG. Domínguez,c1979. a84 p. ;c21 cm. aIncluye datos biográficos del autor en la contracubierta aIncluye referencias bibliográficas y notas al pie de las páginas aBibliografía : p. 82-84 001054708DSaGRbGRcHDd2010-10-12iLF1l0oxxxx D542lp17113-50r2020-06-25te. 3w2020-06-25yLFDSZPréstamo en sala 001054708DSaGRbGRcHDd2018-08-30iLF1l0oxxxx D542lp17113-60r2020-06-25te. 5w2020-06-25yLFDSZPréstamo en sala 0010718PDaPDbPDcHDd2010-03-17iLF1l0oxxxx D542lp17113-10r2020-06-25w2020-06-25yLFPDZNo se presta 0010718PDaPDbPDcHDd2010-03-17iLF1l0oxxxx D542lp17113-20r2020-06-25te. 2w2020-06-25yLFPDZNo se presta c16639d16639